| 000 | 00918nam a2200205 i 4500 | ||
|---|---|---|---|
| 001 | 152780 | ||
| 003 | ES-MaACL | ||
| 005 | 20250809034608.0 | ||
| 008 | 931025s1885 sp |||| | spa d | ||
| 040 |
_aPAB _bspa _cCCPB |
||
| 100 | 1 |
_aBru del Hierro, Carlos María. _932047 |
|
| 245 | 1 | 0 |
_aEstudio sobre la proporción entre la gravedad de los delitos y la de las penas _b: memoria premiada con accéssit por la Real Academia de Ciencias Morales y Políticas en el concurso ordinario de 1884 / _cescrita por Carlos Bru del Hierro. |
| 260 |
_aMadrid : _b[s.n.], _c1885 ( _fTipografía del Asilo de Huérfanos) |
||
| 300 |
_a43 p. ; _c27 cm. |
||
| 650 | 7 |
_aDerecho penal _2embne _911749 |
|
| 650 | 0 | 4 |
_aPenas. _915916 |
| 852 |
_aES-MaACL _jF-M-III-O (VI) _z-- Enc. pasta española _q-- Falto de la cub. original _z-- Enc. en un vol. facticio |
||
| 852 |
_aES-MaACL _j1641-F-12 _z-- Rust. |
||
| 999 |
_c152780 _d152780 |
||